000
00204nam a2200073Ia 4500
008
170524s9999 xx 000 0 und d
100
_a
SRIVASTAVA- RM
245
0
_a
MANAGEMANT OF INDIAN FINANCIAL INSTITUTION
260
_b
HIMALYA PUB. HOUSE
999
_c
8127
_d
8127